000
00307nam a22001337a 4500
008
171222b xxu||||| |||| 00| 0 eng d
020
_a
9780971468603
041
_a
eng
080
_a
82
100
_a
21
101
_a
GJU
245
_a
LOVERS LEGENDS THE GAY GREEK MYTHS
_c
ANDREW.C
942
_2
udc
_c
BK
999
_c
39302
_d
39302